书目信息 |
| 题名: |
LabVIEW高级程序设计
|
|
| 作者: | 杨乐平 编著 | |
| 分册: | ||
| 出版信息: | 北京 清华大学出版社 2003.04 |
|
| 页数: | 571页 | |
| 开本: | 26cm | |
| 丛书名: | ||
| 单 册: | ||
| 中图分类: | TP311.1 | |
| 科图分类: | ||
| 主题词: | 软件 | |
| 电子资源: | ||
| ISBN: | 7-89494-010-0 | |
| 000 | 00560nam0 2200193 45 | |
| 001 | 0431730866 | |
| 005 | 2004042908485051 | |
| 010 | @a7-89494-010-0@dCNY 51.00 | |
| 100 | @a20040429d2003 km y0chiy0120 ea | |
| 101 | 0 | @achi |
| 102 | @aCN@b110000 | |
| 200 | 1 | @aLabVIEW高级程序设计@ALabVIEW Gao Ji Cheng Xu She Ji@f杨乐平等编著@FYang Yue Ping Deng Bian Zhu |
| 210 | @a北京@c清华大学出版社@d2003.04 | |
| 215 | @a571页@d26cm | |
| 606 | 0 | @a软件 |
| 690 | @aTP311.1@v3 | |
| 701 | 0 | @a杨乐平@AYang Yue Ping@4编著 |
| 801 | 0 | @aCN@bPFT@c20040429 |
| 905 | @dTP311.1@eY324 | |
| LabVIEW高级程序设计/杨乐平等编著.-北京:清华大学出版社,2003.04 |
| 571页;26cm |
| ISBN 7-89494-010-0:CNY 51.00 |
| ● |
| 相关链接 |
|
|
|
正题名:LabVIEW高级程序设计
索取号:TP311.1/Y324
 
预约/预借
| 序号 | 登录号 | 条形码 | 馆藏地/架位号 | 状态 | 备注 |
| 1 | 382352 | 203823522 | 期刊室512/301自科库 39排1列5层/ [索取号:TP311.1/Y324] | 在馆 | |
| 2 | 382353 | 203823531 | 自科库301/301自科库 39排1列5层/ [索取号:TP311.1/Y324] | 在馆 | |
| 3 | 382354 | 203823540 | 自科库301/301自科库 44排4列5层/ [索取号:TP311.1/Y324] | 在馆 |